The Impact of the EC's Internal Marketon Nonmember Countries : The Case of EFTA.

This paper presents an overview of the impact of the EC's Internal Market on the EFTA countries. It starts by examining the history of EC-EFTA relations; the institutional and legal changes that closer cooperation may require; and the general implications of the Internal Market Program for EFTA...

Full description

Bibliographic Details
Corporate Author: International Monetary Fund
Format: Journal
Language:English
Published: Washington, D.C. : International Monetary Fund, 1990.
Series:IMF Working Papers; Working Paper ; No. 1990/068
Online Access:Full text available on IMF
LEADER 01703cas a2200241 a 4500
001 AALejournalIMF010041
008 230101c9999 xx r poo 0 0eng d
020 |c 5.00 USD 
020 |z 9781451961003 
022 |a 1018-5941 
040 |a BD-DhAAL  |c BD-DhAAL 
110 2 |a International Monetary Fund. 
245 1 4 |a The Impact of the EC's Internal Marketon Nonmember Countries :   |b The Case of EFTA. 
264 1 |a Washington, D.C. :  |b International Monetary Fund,  |c 1990. 
300 |a 1 online resource (133 pages) 
490 1 |a IMF Working Papers 
500 |a <strong>Off-Campus Access:</strong> No User ID or Password Required 
500 |a <strong>On-Campus Access:</strong> No User ID or Password Required 
506 |a Electronic access restricted to authorized BRAC University faculty, staff and students 
520 3 |a This paper presents an overview of the impact of the EC's Internal Market on the EFTA countries. It starts by examining the history of EC-EFTA relations; the institutional and legal changes that closer cooperation may require; and the general implications of the Internal Market Program for EFTA countries. This is followed by an exploration of specific issues relating to the goods trade, transport services, labor mobility, financial services and capital flows. Subsequent chapters focus on the potential impact of the EC's proposed monetary unification on EFTA countries and the implications of the EC's efforts in the area of tax harmonization. 
538 |a Mode of access: Internet 
830 0 |a IMF Working Papers; Working Paper ;  |v No. 1990/068 
856 4 0 |z Full text available on IMF  |u http://elibrary.imf.org/view/journals/001/1990/068/001.1990.issue-068-en.xml  |z IMF e-Library